Determinants Affecting the Current State and Perspectives of Development of Textile and Clothing Industry Clusters Within the European Union
Textilný a odevný priemysel je jedným z najstarších odvetví vôbec, keďže potreba oblečenia je stará ako ľudská existencia sama. S tým sú, samozrejme, spojené aj výzvy a problémy, ktorým čelí, v súčasnosti predovšetkým environmentálna záťaž, potreba digitalizácie, nízke mzdy pre pracovníkov ako aj oc...
Salvato in:
| Autore principale: | |
|---|---|
| Natura: | Capitolo di libro |
| Lingua: | inglese |
| Soggetti: | |
| Tags: |
Nessun Tag, puoi essere il primo ad aggiungerne!!
|
MARC
| LEADER | 00000naa a2200000 4500 | ||
|---|---|---|---|
| 001 | 0304140 | ||
| 005 | 20250530100736.3 | ||
| 041 | 0 | |a eng | |
| 044 | |a RO | ||
| 245 | 1 | 0 | |a Determinants Affecting the Current State and Perspectives of Development of Textile and Clothing Industry Clusters Within the European Union |c Denisa Gajdová |
| 520 | |a Textilný a odevný priemysel je jedným z najstarších odvetví vôbec, keďže potreba oblečenia je stará ako ľudská existencia sama. S tým sú, samozrejme, spojené aj výzvy a problémy, ktorým čelí, v súčasnosti predovšetkým environmentálna záťaž, potreba digitalizácie, nízke mzdy pre pracovníkov ako aj ochrana značiek a rozvoj šedej ekonomiky. Európska únia svojimi pozíciami deklaruje záujem riešiť tieto otázky. | ||
| 610 | 2 | 0 | |a klaster |
| 610 | 2 | 0 | |a priemysel textilný |
| 610 | 2 | 0 | |a priemysel kreatívny |
| 610 | 2 | 0 | |a inovácie technologické |
| 610 | 2 | 0 | |a Európska únia |
| 100 | 1 | |a Gajdová, Denisa, 1977- | |